000
00305nam a22001457a 4500
008
230127b ||||| |||| 00| 0 eng d
020
_a
9780415288538
041
_a
eng
080
_a
7
082
_a
7GAN
100
_a
22
101
_a
ART
245
_a
BOLLYWOOD GUIDEBOOK
_c
GANTI T
942
_2
udc
_c
BK
999
_c
59284
_d
59284